[Event "Goetzis IM III B"]
[Site "?"]
[Date "1996.??.??"]
[Round "8"]
[White "Hardicsay, P."]
[Black "Ciolac, G."]
[Result "1/2-1/2"]
[WhiteElo "2395"]
[BlackElo "2405"]
[PlyCount "33"]
[EventDate "1996.??.??"]

1. c4 e6 2. Nf3 Nf6 3. g3 b6 4. Bg2 Bb7 5. O-O Be7 6. Nc3 O-O 7. d4 Ne4 8. Bd2
Bf6 9. Rc1 d5 10. cxd5 exd5 11. Bf4 Na6 12. Re1 Re8 13. Be5 Qe7 14. a3 Bxe5 15.
Nxe5 c5 16. e3 Nc7 17. Nf3 1/2-1/2

[Event "Goetzis IM III B"]
[Site "?"]
[Date "1996.??.??"]
[Round "8"]
[White "Pilz, D."]
[Black "Feher, G."]
[Result "1/2-1/2"]
[WhiteElo "2245"]
[BlackElo "2375"]
[PlyCount "37"]
[EventDate "1996.??.??"]

1. Nf3 c5 2. e4 e6 3. d4 cxd4 4. Nxd4 Nf6 5. Nc3 d6 6. Bd3 Nc6 7. Be3 Be7 8.
O-O O-O 9. Kh1 e5 10. Nde2 Be6 11. f4 exf4 12. Nxf4 Ne5 13. Bd4 Rc8 14. Qe2 a6
15. Bxe5 dxe5 16. Nxe6 fxe6 17. Bc4 Rc6 18. Rad1 Qc7 19. Bb3 1/2-1/2

[Event "Goetzis IM III B"]
[Site "?"]
[Date "1996.??.??"]
[Round "8"]
[White "Thoma, R."]
[Black "Dobosz, H."]
[Result "0-1"]
[WhiteElo "2280"]
[BlackElo "2375"]
[PlyCount "56"]
[EventDate "1996.??.??"]

1. Nf3 g6 2. g3 Bg7 3. Bg2 d5 4. d3 Nc6 5. c3 e5 6. Nbd2 a5 7. a4 Nge7 8. e4
O-O 9. O-O h6 10. Qc2 Be6 11. Re1 f5 12. b3 dxe4 13. dxe4 f4 14. Ba3 g5 15. h3
Rf7 16. g4 Ng6 17. Bf1 h5 18. gxh5 Nf8 19. Nh2 Qc8 20. f3 Bxh3 21. Bc4 Ne6 22.
Ng4 Bxg4 23. fxg4 f3 24. Rf1 Ned4 25. cxd4 Qxg4+ 26. Kf2 Qh4+ 27. Ke3 exd4+ 28.
Kd3 Ne5+ 0-1

[Event "Goetzis IM III B"]
[Site "?"]
[Date "1996.??.??"]
[Round "8"]
[White "Zumtobel, T."]
[Black "Stanojevic, S."]
[Result "1-0"]
[WhiteElo "2125"]
[BlackElo "2195"]
[PlyCount "71"]
[EventDate "1996.??.??"]

1. c4 Nf6 2. d3 g6 3. g3 Bg7 4. Bg2 O-O 5. Nc3 c6 6. e4 Na6 7. Nge2 Nc7 8. d4
d5 9. cxd5 cxd5 10. e5 Nfe8 11. O-O b6 12. b3 f6 13. exf6 Nxf6 14. Bf4 Nce8 15.
Be5 e6 16. Re1 Ng4 17. Bf4 Kh8 18. Rc1 g5 19. Be3 Qf6 20. Qd2 Qh6 21. h3 Nxe3
22. Qxe3 Nd6 23. g4 Bb7 24. Ng3 Rae8 25. Nh5 Rf7 26. Nxg7 Qxg7 27. Qg3 Nc8 28.
Nxd5 Ref8 29. Nc7 Rxf2 30. Bxb7 Qxd4 31. Nxe6 Rf1+ 32. Kh2 Qd2+ 33. Bg2 Rxe1
34. Qxe1 Qd6+ 35. Kh1 Re8 36. Qc3+ 1-0

[Event "Goetzis IM III B"]
[Site "?"]
[Date "1996.??.??"]
[Round "9"]
[White "Ciolac, G."]
[Black "Grigore, G."]
[Result "1/2-1/2"]
[WhiteElo "2405"]
[BlackElo "2460"]
[PlyCount "22"]
[EventDate "1996.??.??"]

1. e4 c5 2. Nc3 Nc6 3. g3 g6 4. Bg2 Bg7 5. d3 d6 6. Be3 e6 7. Qd2 Qa5 8. Nd1
Qxd2+ 9. Kxd2 Nge7 10. c3 O-O 11. Ne2 Bd7 1/2-1/2

[Event "Goetzis IM III B"]
[Site "?"]
[Date "1996.??.??"]
[Round "9"]
[White "Dobosz, H."]
[Black "Zumtobel, T."]
[Result "1/2-1/2"]
[WhiteElo "2375"]
[BlackElo "2125"]
[PlyCount "28"]
[EventDate "1996.??.??"]

1. d4 Nf6 2. c4 g6 3. Nc3 Bg7 4. e4 d6 5. f3 O-O 6. Bg5 c5 7. d5 e6 8. Qd2 exd5
9. cxd5 Na6 10. Bd3 Bd7 11. Nge2 Rb8 12. O-O b5 13. Rac1 c4 14. Bb1 Re8 1/2-1/2

[Event "Goetzis IM III B"]
[Site "?"]
[Date "1996.??.??"]
[Round "9"]
[White "Feher, G."]
[Black "Hardicsay, P."]
[Result "1/2-1/2"]
[WhiteElo "2375"]
[BlackElo "2395"]
[PlyCount "26"]
[EventDate "1996.??.??"]

1. e4 e5 2. Nf3 Nf6 3. Nxe5 d6 4. Nf3 Nxe4 5. Qe2 Qe7 6. d3 Nf6 7. Bg5 Qxe2+ 8.
Bxe2 Be7 9. Nc3 c6 10. O-O-O O-O 11. Rhe1 d5 12. d4 Be6 13. h3 Nbd7 1/2-1/2

[Event "Goetzis IM III B"]
[Site "?"]
[Date "1996.??.??"]
[Round "9"]
[White "Stanojevic, S."]
[Black "Pilz, D."]
[Result "0-1"]
[WhiteElo "2195"]
[BlackElo "2245"]
[PlyCount "82"]
[EventDate "1996.??.??"]

1. e4 c5 2. Nf3 Nc6 3. g3 g6 4. d3 Bg7 5. Bg2 d6 6. c3 e5 7. O-O Nge7 8. Nh4
O-O 9. f4 exf4 10. Bxf4 Ne5 11. Qc2 N7c6 12. Nf3 Bg4 13. Nbd2 Rc8 14. h3 Be6
15. Nxe5 dxe5 16. Be3 Qe7 17. Nf3 Nd4 18. cxd4 cxd4 19. Qd2 dxe3 20. Qxe3 b6
21. b3 Rfd8 22. Kh2 Rc3 23. Rfd1 Qd6 24. Ne1 Qf8 25. Qd2 Rcc8 26. Qb2 Bh6 27.
Nf3 Qd6 28. Rab1 Bg7 29. Rbc1 Rxc1 30. Qxc1 h5 31. Qe3 Bf6 32. Qf2 Kg7 33. Rf1
Rf8 34. Ne1 Qe7 35. Nc2 h4 36. d4 exd4 37. Nxd4 hxg3+ 38. Qxg3 Bxd4 39. e5 Bxh3
40. Kxh3 Bxe5 41. Re1 Qe6+ 0-1